00445nam a2200157Ia 4500008004100000082001100041100002000052245005400072260000800126300001200134365001600146366000800162530000900170630005400179730005400233100315s9999 xx 000 0 und d b2533  a"MEHTA, V. G. " aINCOME-TAX READY RECKONER: ASSESMENT YEAR 1991-92 c0  a352P   d1 b0.00  f0  b-   aINCOME-TAX READY RECKONER: ASSESMENT YEAR 1991-92 aINCOME-TAX READY RECKONER: ASSESMENT YEAR 1991-92